000 00636nam a22002057i 4500
999 _c5955
_d5955
001 6368
003 OSt
005 20181119112532.0
007 tu
008 161220s1995 xxu||||| |||| 00| 0 d
020 _a9282742482
024 7 _a6368
_2RID
024 7 _a6368
_2RSN (alt)
040 _cOSt
110 2 _aEuropäische Kommission
245 0 0 _aIn den Regionen für die Regionen Europas
_bÜber die Abneignung eines neuen gewerkschaftlichen Arbeitsfeldes
260 _aLuxemburg :
_bAmt für Veröffentlichungen der Europäischen Gemeinschaften,
_c1995.
490 _aEuropäische Union. Regionalpolitik und Kohäsion
942 _cP